| 000 | 00370nam a2200157Ia 4500 | ||
|---|---|---|---|
| 008 | 210210b1858 xxu||||| |||| 00| 0 eng d | ||
| 041 | _aeng | ||
| 082 | _a821/734 | ||
| 100 | _aWORDSWORTH (W) | ||
| 245 | _aPoetical Works | ||
| 260 |
_aLondon _bGeorge Routledge & Sons _c1858 |
||
| 650 | _aWorks | ||
| 650 | _aPoetical | ||
| 690 | _aEnglish Poetry | ||
| 906 | _a011902 | ||
| 999 |
_c130626 _d130626 |
||